000 00282nam a2200097Ia 4500
001 1117579
005 20250827004108.0
008 250824s9999 xx 000 0 und d
245 0 _aYILDIRIM SESLİ MANASÇI ASKERİN OĞLU&BEYAZ YAĞMUR
_cCENGİZ AYTMATOV
260 _bKETEBE YAYINLARI
999 _c1117579
_d1117579